Quản lý nhà nước về kinh tế đối ngoại
Shranjeno v:
| Glavni avtor: | |
|---|---|
| Format: | Knjiga |
| Jezik: | Vietnamese |
| Izdano: |
Lao Động
2005
|
| Oznake: |
Označite
Brez oznak, prvi označite!
|
| Thư viện lưu trữ: | Mạng thư viện Đại học Đà Nẵng |
|---|
| LEADER | 00640nam a2200253 4500 | ||
|---|---|---|---|
| 001 | 000020381 | ||
| 003 | 16826 | ||
| 005 | 20150317080356.0 | ||
| 008 | 150317s2005 viesd | ||
| 020 | |c 26000 | ||
| 041 | 0 | |a vie | |
| 082 | 1 | 4 | |a 337.597 |b BU-Q |
| 100 | 1 | |a Bùi Tiến Quý | |
| 245 | 1 | 0 | |a Quản lý nhà nước về kinh tế đối ngoại |c Bùi Tiến Quý |
| 260 | |b Lao Động |c 2005 | ||
| 300 | |a tr. |c cm. | ||
| OWN | |a LSP | ||
| 999 | |a From the UDN01 | ||
| TYP | |a Monograph | ||
| TYP | |a Printed language | ||
| 980 | |a Mạng thư viện Đại học Đà Nẵng | ||